Hadd Beeti / (Record no. 524547)
[ view plain ]
| 000 -LEADER | |
|---|---|
| fixed length control field | 00338nam a22001577a 4500 |
| 003 - CONTROL NUMBER IDENTIFIER | |
| control field | NUST |
| 005 - DATE AND TIME OF LATEST TRANSACTION | |
| control field | 20190622122810.0 |
| 020 ## - INTERNATIONAL STANDARD BOOK NUMBER | |
| Terms of availability | (Hbk) |
| 038 ## - RECORD CONTENT LICENSOR | |
| Staff Name | M.Shaban |
| 082 ## - DEWEY DECIMAL CLASSIFICATION NUMBER | |
| Classification number | 891.43092 |
| Author Mark | SIN |
| 100 ## - MAIN ENTRY--PERSONAL NAME | |
| Personal name | Singh, Rattan |
| 9 (RLIN) | 15354 |
| 245 ## - TITLE STATEMENT | |
| Title | Hadd Beeti / |
| Statement of responsibility, etc. | Rattan Singh |
| 260 ## - PUBLICATION, DISTRIBUTION, ETC. | |
| Place of publication, distribution, etc. | Jabalpur -: |
| 300 ## - PHYSICAL DESCRIPTION | |
| Extent | 90 p. ; |
| 942 ## - ADDED ENTRY ELEMENTS (KOHA) | |
| Source of classification or shelving scheme | |
| Koha item type | Book |
| Withdrawn status | Lost status | Source of classification or shelving scheme | Damaged status | Not for loan | Permanent Location | Current Location | Shelving location | Date acquired | Total Checkouts | Full call number | Barcode | Date last seen | Price effective from | Koha item type |
|---|---|---|---|---|---|---|---|---|---|---|---|---|---|---|
| Central Library (CL) | Central Library (CL) | Punjabi Literature | 06/22/2019 | 891.43092 SIN | CL-E-2159 | 06/22/2019 | 06/22/2019 | Book |
